000 004750000a22001810004500
003 MACL
005 20150823121123.0
008 150823b xxu||||| |||| 00| 0 eng d
040 _aMACL
_cMACL
041 _aEnglish
082 _a658.8/VIE
100 _aVieira, Walter
_96954
245 _aThe New Sales Manager
_bChallenges for The 21st Century
260 _bResponse Books
_c2007
_aNew Delhi
350 _a295
650 _aTechnology
_96955
942 _cBK
_k658.8/VIE
_2ddc
999 _c42559
_d42559